[Event "Vicente Lopez ProAm 100 Years op"]
[Site "Buenos Aires"]
[Date "2022.10.15"]
[Round "5"]
[White "Campos, Maria Jose"]
[Black "Zambrana, Oswaldo"]
[Result "0-1"]
[WhiteElo "2270"]
[BlackElo "2417"]
[PlyCount "58"]
[EventDate "2022.10.11"]
[EventType "swiss"]
[EventRounds "9"]
[EventCountry "ARG"]
[SourceTitle "CBM 210 Extra"]
[Source "ChessBase"]
[SourceDate "2022.11.30"]
[SourceVersion "1"]
[SourceVersionDate "2022.11.30"]
[SourceQuality "1"]

1. c4 Nf6 2. g3 e6 3. Bg2 d5 4. Nf3 Be7 5. 0-0 0-0 6. b3 d4 7. e3 c5 8. exd4 cxd4 9. d3 Nc6 10. Re1 Nd7 11. Ba3 e5 12. Bxe7 Qxe7 13. Nbd2 f6 14. Nh4 Nc5 15. f4 g5 16. Bd5+ Kh8 17. fxg5 fxg5 18. Qh5 gxh4 19. Bxc6 Nxd3 20. Rf1 Bh3 21. Rxf8+ Rxf8 22. Be4 Nf2 23. Bf3 e4 24. Qd5 Rd8 25. Qa5 b6 26. Qh5 exf3 27. Nxf3 Bg4 28. Qe5+ Qxe5 29. Nxe5 Rf8 0-1

[Event "BOL-ch"]
[Site "Santa Cruz"]
[Date "2021.12.18"]
[Round "6"]
[White "Gemy Vargas, Jose Daniel"]
[Black "Zambrana, Oswaldo"]
[Result "0-1"]
[WhiteElo "2380"]
[BlackElo "2438"]
[PlyCount "128"]
[EventDate "2021.12.15"]
[EventType "tourn"]
[EventRounds "9"]
[EventCountry "BOL"]
[SourceTitle "CBM 205 Extra"]
[Source "ChessBase"]
[SourceDate "2022.01.31"]
[SourceVersion "1"]
[SourceVersionDate "2022.01.31"]
[SourceQuality "1"]

1. e4 c5 2. Nf3 Nc6 3. d4 cxd4 4. Nxd4 Nf6 5. Nc3 e5 6. Ndb5 d6 7. Nd5 Nxd5 8. exd5 Nb8 9. a4 Be7 10. Bd2 a6 11. Na3 b6 12. a5 b5 13. c4 bxc4 14. Nxc4 Nd7 15. Bb4 0-0 16. Be2 Qc7 17. 0-0 Rb8 18. Qa4 Bb7 19. Rfd1 Rfd8 20. Rac1 Nc5 21. Qa3 Bg5 22. Rc2 Qe7 23. Bxc5 dxc5 24. Nb6 Qf8 25. Rxc5 Be7 26. b4 f5 27. Qc3 Bd6 28. Rc4 Qe8 29. Qb3 e4 30. f3 Qh5 31. g3 Qg5 32. fxe4 f4 33. Kg2 h5 34. Qf3 fxg3 35. Qxh5 Qe3 36. Qf3 Qh6 37. hxg3 Rf8 38. Qg4 Qe3 39. Bf3 Rf7 40. Rcd4 Rbf8 41. R4d3 Qh6 42. Rh1 Qf6 43. Nc4 Rc7 44. Nxd6 Rc2+ 45. Kh3 Qh6+ 46. Qh5 Qxd6 47. Bg4 Bc8 48. Bxc8 Rfxc8 49. Rf3 g6 50. e5 Qd7+ 51. Qg4 Qh7+ 52. Qh4 Qd7+ 53. e6 Qxd5 54. Qg4 R2c7 55. e7 Kg7 56. Re1 Rh8+ 57. Kg2 Qd2+ 58. Rf2 Rh2+ 59. Kxh2 Qxf2+ 60. Kh3 Qxe1 61. Qd4+ Kh7 62. Qh4+ Kg8 63. Qf6 Qh1+ 64. Kg4 Rc4+ 0-1

[Event "BOL-ch"]
[Site "Santa Cruz"]
[Date "2021.12.16"]
[Round "2"]
[White "Zambrana, Oswaldo"]
[Black "Titichoca Daza, Daniel Henry"]
[Result "0-1"]
[WhiteElo "2438"]
[BlackElo "2112"]
[PlyCount "106"]
[EventDate "2021.12.15"]
[EventType "tourn"]
[EventRounds "9"]
[EventCountry "BOL"]
[SourceTitle "CBM 205 Extra"]
[Source "ChessBase"]
[SourceDate "2022.01.31"]
[SourceVersion "1"]
[SourceVersionDate "2022.01.31"]
[SourceQuality "1"]

1. e4 c5 2. Nf3 d6 3. d4 cxd4 4. Nxd4 Nf6 5. Nc3 a6 6. Bg5 Nbd7 7. Qe2 h6 8. Bh4 g6 9. 0-0-0 e5 10. Nb3 Be7 11. f3 b5 12. a3 Bb7 13. Be1 Rc8 14. g4 Kf8 15. h4 Kg7 16. Kb1 Nb6 17. Bh3 Nc4 18. h5 g5 19. Nd5 Bxd5 20. exd5 Qc7 21. Qd3 a5 22. Nc1 Nxd5 23. Qxd5 Nxb2 24. Rh2 Nc4 25. Rd3 b4 26. axb4 axb4 27. Bxb4 Rb8 28. Rb3 Rhc8 29. Bf1 Rxb4 30. Rxb4 Na3+ 31. Ka2 Nxc2 32. Ra4 Ne3 33. Qb3 Nxf1 34. Rb2 Qxc1 35. Ra7 Nd2 36. Qd3 Qc5 37. Rbb7 Qc2+ 38. Qxc2 Rxc2+ 39. Ka1 Rc3 40. Rxe7 Rxf3 41. Re6 Rf6 42. Re8 Ne4 43. Raa8 Rf1+ 44. Kb2 Nf6 45. Red8 d5 46. Rd6 d4 47. Ra5 Nxg4 48. Kc2 Rf3 49. Ra7 Nf6 50. Re6 d3+ 51. Kb2 d2 52. Rd6 Ne4 53. Rad7 Rf1 0-1

[Event "Online Olym Div2 E"]
[Site "Chess.com INT"]
[Date "2021.09.04"]
[Round "7.1"]
[White "Zambrana, Oswaldo"]
[Black "Arenas Vanegas, David"]
[Result "1-0"]
[WhiteElo "2438"]
[BlackElo "2455"]
[PlyCount "121"]
[EventDate "2021.09.02"]
[EventType "team (rapid)"]
[EventRounds "9"]
[EventCountry "USA"]
[SourceTitle "CBM 204 Extra"]
[Source "ChessBase"]
[SourceDate "2021.11.30"]
[SourceVersion "1"]
[SourceVersionDate "2021.11.30"]
[SourceQuality "1"]
[WhiteTeam "Bolivia"]
[BlackTeam "Colombia"]
[WhiteTeamCountry "BOL"]
[BlackTeamCountry "COL"]

1. e4 e5 2. Nf3 Nc6 3. Bc4 Nf6 4. d3 Bc5 5. 0-0 d6 6. c3 a5 7. a4 Bb6 8. Na3 0-0 9. Bb3 Ne7 10. Nc4 Bc5 11. Nh4 Bg4 12. Qe1 Ng6 13. Nxg6 hxg6 14. Be3 Bxe3 15. Nxe3 Bd7 16. f4 exf4 17. Rxf4 Qe7 18. Qh4 Be6 19. Bxe6 Qxe6 20. Raf1 Nh7 21. Nd5 g5 22. Qf2 gxf4 23. Nxc7 Qe5 24. Nxa8 Rxa8 25. Qxf4 Qxf4 26. Rxf4 g6 27. Kf2 Kf8 28. Ke3 Ke7 29. Kd4 Rc8 30. Rf1 Ng5 31. Rb1 Ne6+ 32. Ke3 Nc5 33. b3 Ne6 34. Kd2 Rh8 35. h3 Rh5 36. b4 Kd7 37. bxa5 Kc7 38. Rb5 Rh8 39. d4 Nf4 40. g3 Nxh3 41. e5 dxe5 42. Rxe5 Kd6 43. Rb5 Kc6 44. c4 Rh5 45. Ke3 Ng5 46. Rb6+ Kc7 47. Rf6 Rh1 48. d5 Rh7 49. c5 Rg7 50. a6 bxa6 51. Rxa6 Rg8 52. Ra7+ Kb8 53. Re7 Rf8 54. c6 Rc8 55. a5 Rc7 56. Rd7 f6 57. Rd6 Re7+ 58. Kd4 Nf3+ 59. Kc5 Rf7 60. Rd8+ Kc7 61. Rg8 1-0

[Event "Online Olym Div3 D"]
[Site "Chess.com INT"]
[Date "2021.08.29"]
[Round "7.4"]
[White "Zambrana, Oswaldo"]
[Black "Vazquez, Guillermo"]
[Result "1/2-1/2"]
[WhiteElo "2438"]
[BlackElo "2527"]
[PlyCount "118"]
[EventDate "2021.08.27"]
[EventType "team-tourn (rapid)"]
[EventRounds "9"]
[EventCountry "USA"]
[SourceTitle "CBM 204 Extra"]
[Source "ChessBase"]
[SourceDate "2021.11.30"]
[SourceVersion "1"]
[SourceVersionDate "2021.11.30"]
[SourceQuality "1"]
[WhiteTeam "Bolivia"]
[BlackTeam "Paraguay"]
[WhiteTeamCountry "BOL"]
[BlackTeamCountry "PAR"]

1. e4 e5 2. Nf3 Nc6 3. Bc4 Nf6 4. d3 h6 5. 0-0 d6 6. a4 g6 7. h3 Bg7 8. Re1 0-0 9. Nc3 Nb4 10. Bb3 c5 11. Na2 Nc6 12. Nc3 Nb4 13. Na2 Nc6 14. Nc3 Be6 15. Nd5 Bxd5 16. exd5 Nb4 17. c3 Nbxd5 18. d4 exd4 19. cxd4 Rc8 20. dxc5 dxc5 21. Ne5 Rc7 22. f4 Qd6 23. Qf3 Rd8 24. Rd1 Qe6 25. Bc4 Rd6 26. Ra3 Rc8 27. Rad3 Rcd8 28. Be3 b6 29. Bf2 a6 30. Ba2 Bf8 31. Bh4 g5 32. fxg5 hxg5 33. Ng4 gxh4 34. Bxd5 Nxd5 35. Rxd5 Rxd5 36. Rxd5 Qe1+ 37. Qf1 Qxf1+ 38. Kxf1 Rd6 39. Rxd6 Bxd6 40. Nf6+ Kh8 41. Nd5 b5 42. Nc3 Be5 43. axb5 axb5 44. Nxb5 Bxb2 45. Nd6 Kg8 46. Ke2 Be5 47. Nc4 Bd4 48. Kf3 Kg7 49. Kg4 Kf6 50. Kxh4 Ke6 51. Nb6 Kf5 52. g4+ Kf4 53. Kh5 Bf2 54. h4 Be1 55. g5 Kf5 56. Nc4 Bg3 57. Nb6 Be1 58. Nc4 Bg3 59. Nb6 Be1 1/2-1/2

[Event "Online Olym Div3 D"]
[Site "Chess.com INT"]
[Date "2021.08.28"]
[Round "6.2"]
[White "Harper, Ryan"]
[Black "Zambrana, Oswaldo"]
[Result "0-1"]
[WhiteElo "2184"]
[BlackElo "2438"]
[PlyCount "140"]
[EventDate "2021.08.27"]
[EventType "team-tourn (rapid)"]
[EventRounds "9"]
[EventCountry "USA"]
[SourceTitle "CBM 204 Extra"]
[Source "ChessBase"]
[SourceDate "2021.11.30"]
[SourceVersion "1"]
[SourceVersionDate "2021.11.30"]
[SourceQuality "1"]
[WhiteTeam "Trinidad and Tobago"]
[BlackTeam "Bolivia"]
[WhiteTeamCountry "TRI"]
[BlackTeamCountry "BOL"]

1. e4 c5 2. Nf3 Nc6 3. d4 cxd4 4. Nxd4 Nf6 5. Nc3 e5 6. Ndb5 d6 7. Bg5 a6 8. Bxf6 gxf6 9. Na3 b5 10. Nd5 f5 11. c3 Bg7 12. exf5 Bxf5 13. Nc2 Be6 14. Nce3 Ne7 15. a4 Nxd5 16. Nxd5 0-0 17. g3 bxa4 18. Rxa4 a5 19. Bg2 Rb8 20. b3 f5 21. 0-0 Kh8 22. c4 e4 23. Nf4 Bf7 24. Qc2 Qb6 25. Ra3 Be5 26. Rd1 Qb4 27. Qa2 a4 28. Rxa4 Qxb3 29. Qxb3 Rxb3 30. Nd5 Rfb8 31. h3 Rb1 32. Rxb1 Rxb1+ 33. Kh2 Rb2 34. Ra8+ Kg7 35. Ne7 Rxf2 36. Ra7 h5 37. h4 Kf6 38. Nc6 Bxc4 39. Nxe5 Kxe5 40. Rh7 Bf1 41. Kg1 Rxg2+ 42. Kxf1 Rxg3 43. Rxh5 d5 44. Rh8 d4 45. h5 d3 46. h6 e3 47. h7 e2+ 48. Kf2 Kf4 49. Re8 Rf3+ 50. Ke1 Rf1+ 51. Kd2 Rd1+ 52. Kc3 Rh1 53. Kxd3 Rxh7 54. Kxe2 Rh2+ 55. Kf1 Kf3 56. Kg1 Rg2+ 57. Kh1 f4 58. Ra8 Re2 59. Rb8 Kg3 60. Rg8+ Kf2 61. Rb8 Re1+ 62. Kh2 Re6 63. Rb2+ Re2 64. Rb8 Kf1+ 65. Kh1 f3 66. Ra8 Rd2 67. Rb8 f2 68. Kh2 Ke1 69. Rb1+ Rd1 70. Rxd1+ Kxd1 0-1